000 00652nam a2200289Ia 4500
005 20260324134151.0
008 008 260324s9999 xx 000 0 eng d
020 _a9780429218897
037 _aEBOOK
040 _aCRL
040 _beng
040 _cCRL
041 _2eng
041 _aeng
084 _qCRL
100 _aJohn J.W. Coppen
_91195822
245 0 _aEucalyptus
245 4 _bThe Genus Eucalyptus
260 _bTaylor and Francis
260 _c2002
365 _a
365 _b385
856 _uhttp://www.taylorfrancis.com/books/9780429218897
942 _cEBOOK
999 _c1795593
_d1795593